Belarusian Region Flags - Statistics

General Stats
  • This quiz has been taken 49 times
  • The average score is 6 of 7
Answer Stats
Picture Answer % Correct
Brest
100%
Minsk
100%
Gomel
92%
Grodno
92%
Minsk City
84%
Mogilev
84%
Vitebsk
84%
No matching quizzes found
Score Distribution
Percent of People with Each Score
Percentile by Number Answered
Your Score History
You have not taken this quiz